Formule 1 - Ecuries 2023 par logo - Statistiques

Statistiques générales
  • Ce quiz a été pris 4 654 fois
  • Le résultat moyen est 9 sur 10
Statistiques - réponses
Par images Réponse % Correct
RedBull
100%
Alpine
99%
Ferrari
99%
Mercedes
99%
Aston Martin
98%
McLaren
98%
Haas
96%
Williams
95%
Alpha Tauri
83%
Alfa Romeo
75%
Aucun quiz correspondant
Distribution des résultats
% des personnes avec chaque résultat
Percentile par nombre de réponses
Votre historique - résultats
Vous n’avez pas pris ce quiz